EEIF - Les GL et leurs foulards #2 - Statistiques

Statistiques générales
  • Ce quiz a été pris 26 fois
  • Le résultat moyen est 13 sur 22
Statistiques - réponses
Groupes Locaux Foulards % Correct
Golda Meir Jaune Vert
100%
Shéma Israël Place des Vosges Noir Bleu
94%
La Victoire JP Bader Bleu Jaune
88%
Noam Rose Noir
88%
Neuilly Jérôme Cahen Rose Vert
88%
Ségur Théodore Herzl Blanc Vert
81%
Buffault Janusz Korcak Gris Bleu
81%
Dufrénoy Moses Montéfiore Noir Bleu
81%
Nice Ben Yehouda Jaune Bleu
75%
Shoshana Loups-Gris Violet Gris
75%
Paris Georges Loinger PGL Violet Jaune
75%
Versailles Martin Buber Noir Rouge
69%
Pavillons-Sous-Bois Irina Sandler Bleu Violet
50%
Cannes André Neher Orange Bleu
50%
Toulouse Lazare Brousse Blanc Vert
44%
Saint-Brice Moshé Dayan Bleu Noir
44%
Saint Maur Yona Jaune Kaki
44%
Montpellier Marianne Cohn Noir Jaune
25%
Courbevoie Shatta & Bouli Orange Gris
25%
Nancy Sinaï Rose Bleu
25%
Strasbourg Frédéric Hammel Rose Bleu
19%
Toulon Maguen David Blanc Gris
13%
Aucun quiz correspondant
Distribution des résultats
% des personnes avec chaque résultat
Percentile par nombre de réponses
Votre historique - résultats
Vous n’avez pas pris ce quiz